| 000 | 01366nam0a22003131 4500 | ||
|---|---|---|---|
| 001 | rc\4703461 | ||
| 005 | 20260406184516.0 | ||
| 021 |
_aRU _b[68-30634] |
||
| 035 | _a(NLR Aleph) 008719837 | ||
| 090 |
_a9410798 _c9410798 |
||
| 100 | _a20130416d1968 |||y0rusy50 ca | ||
| 101 | 0 | _arus | |
| 102 | _aRU | ||
| 105 | _ay z ||||| | ||
| 200 | 1 |
_aСтимулы повышения эффективности сельскохозяйственного производства _fПод ред. М.Ф. Ковалевой _gАкад. обществ. наук при ЦК КПСС. Кафедра экон. наук |
|
| 210 |
_aМосква _cМысль _d1968 |
||
| 215 |
_a263 с. _d21 |
||
| 300 | _aАвт. глав и разделов: В.Г. Власов, Г.П. Руденко, Ж. Сабо и др. | ||
| 606 |
_aСельское хозяйство СССР _xЭкономическая эффективность _2psbo |
||
| 701 | 1 |
_aРуденко _bГ.П. |
|
| 701 | 1 |
_aСабо _bЖ. |
|
| 701 | 1 |
_aВласов _bВ.Г. |
|
| 702 | 1 |
_aКовалева _bМ.Ф. _gМария Федоровна _4340 |
|
| 712 | 0 | 2 |
_aАкадемия общественных наук _cМосква _bКафедра экон. наук _3RU\NLR\AUTH\889949871 _9395474 |
| 801 | 0 |
_aRU _bNLR _gpsbo |
|
| 801 | 1 |
_aRU _bELAR _2rusmarc |
|
| 852 |
_aNLR _j68-3/2900 |
||
| 942 | _cBOOK | ||
| 980 | _aNB | ||